| 000 | 00825nam a2200253Ia 4500 | ||
|---|---|---|---|
| 003 | OSt | ||
| 005 | 20220925184753.0 | ||
| 006 | a|||||r|||| 00| 0 | ||
| 007 | ta | ||
| 008 | 220923b |||||||| |||| 00| 0 eng d | ||
| 020 |
_a0754648826 _c3999.1500000000001 |
||
| 037 |
_b170, 04/12/2006, EXCEL BOOK INTERNATIONAL _cGeneral Book |
||
| 040 |
_aRTL _cRTL _beng |
||
| 041 |
_2eng _aeng |
||
| 082 | _aU45, P6 | ||
| 100 |
_aLarsen Jonas and others _9231330 |
||
| 245 | 0 | _aMobilities, networks, geographies. | |
| 260 |
_aAldershot _bAshgate Publishing Limited _c2006 |
||
| 300 |
_a165p. _ccm. |
||
| 500 | _aBibliography: P145-159; Appendix: P133-143 | ||
| 650 | _aGeography | ||
| 942 |
_hU45, P6 _cGB _2CC |
||
| 999 |
_c508810 _d508810 |
||